|
|
|
|
| LEADER |
01037nam a2200277 a 4500 |
| 001 |
729 |
| 003 |
BD-DhAAL |
| 005 |
20151011101311.0 |
| 008 |
151011s1988 bg b f001 0 eng |
| 010 |
|
|
|a 89902357
|
| 040 |
|
|
|a DLC
|c DLC
|d DLC
|d BD-DhAAL
|
| 050 |
0 |
0 |
|a HN690.6.A8
|b B37 1988
|
| 082 |
0 |
0 |
|a 307.72/095492
|2 20
|
| 100 |
1 |
|
|a Barman, Dalem Ch.
|9 15256
|
| 245 |
1 |
0 |
|a Emerging leadership patterns in rural Bangladesh :
|b a study /
|c Dalem Ch. Barman.
|
| 260 |
|
|
|a Dhaka :
|b Centre for Social Studies,
|c 1988.
|
| 300 |
|
|
|a 207 p. ;
|c 22 cm.
|
| 500 |
|
|
|a Originally presented as the author's thesis (Ph. D.--University of Rajasthan, Jaipur)
|
| 500 |
|
|
|a Includes index.
|
| 504 |
|
|
|a Bibliography: p. [197]-207.
|
| 541 |
|
|
|e 729
|
| 650 |
|
0 |
|a Villages
|z Bangladesh.
|9 15257
|
| 650 |
|
0 |
|a Community leadership
|z Bangladesh.
|9 15258
|
| 942 |
|
|
|2 ddc
|c BK
|
| 999 |
|
|
|c 35744
|d 35744
|
| 952 |
|
|
|0 0
|1 0
|2 ddc
|4 0
|6 307_720000000000000_095492_BAR
|7 0
|9 56209
|a SCL
|b SCL
|c GEN
|d 2015-10-11
|g 75.00
|l 0
|o 307.72095492 BAR
|p 3020000729
|r 2015-10-11
|t 1
|w 2015-10-11
|y BK
|